Statistics for 1500m Final Participants at the Rio 2016 Olympics (Men)

Click here to take the quiz!

General Stats

  • This quiz has been taken 16 times
  • The average score is 5 of 13

Answer Stats

NationalityAnswer% Correct
USAMatthew Centrowitz
100%
New ZealandNick Willis
75%
KenyaAsbel Kiprop
58%
AlgeriaTaoufik Makhloufi
58%
Great BritainCharlie Grice
50%
DjiboutiAyanleh Souleiman
42%
USABen Blankenship
42%
MoroccoAbdalaati Iguider
33%
UgandaRonald Musagala
17%
AustraliaRyan Gregson
17%
SpainDavid Bustos
8%
CanadaNathan Brannen
8%
KenyaRonald Kwemoi
8%

Score Distribution

Percentile by Number Answered

Percent of People with Each Score

Your Score History

You have not taken this quiz